Электронные процессы на поверхности полупроводников при хемосорбции

Bibliografiske detaljer
Hovedforfatter: Волькенштейн Ф. Ф. Федор Федорович
Summary:Подводится итог 40-летней работы автора и его сотрудников в области физикохимии поверхности полупроводников. Книга носит энциклопедический характер. Автор раскрывает механизм процессов, протекающих на поверх­ности полупроводников. Дается сводка экспериментальных результатов в науке о поверхности. Полно и систематически изложена электронная теория хемосорбции и катализа.Для физиков, работающих в области физики полупроводников, а также для физикохимиков, интересующихся вопросами адсорбции и катализа.Табл. 5. Ил. 154. Библиогр. 488 назв.
Sprog:russisk
Udgivet: Москва, Наука, 1987
Fag:
Format: Bog
KOHA link:https://koha.lib.tpu.ru/cgi-bin/koha/opac-detail.pl?biblionumber=55258

MARC

LEADER 00000nam0a2200000 4500
001 55258
005 20231101211533.0
035 |a (RuTPU)RU\TPU\book\57985 
090 |a 55258 
100 |a 20030910d1987 k y0rusy50 ca 
101 0 |a rus 
102 |a RU 
105 |a a z 001zy 
200 1 |a Электронные процессы на поверхности полупроводников при хемосорбции  |f Ф. Ф. Волькенштейн 
210 |a Москва  |c Наука  |d 1987 
215 |a 431 с.  |c ил. 
320 |a Библиогр.: с. 410-420. 
320 |a Предметный указатель: с. 421-426. 
330 |a Подводится итог 40-летней работы автора и его сотрудников в области физикохимии поверхности полупроводников. Книга носит энциклопедический характер. Автор раскрывает механизм процессов, протекающих на поверх­ности полупроводников. Дается сводка экспериментальных результатов в науке о поверхности. Полно и систематически изложена электронная теория хемосорбции и катализа.Для физиков, работающих в области физики полупроводников, а также для физикохимиков, интересующихся вопросами адсорбции и катализа.Табл. 5. Ил. 154. Библиогр. 488 назв. 
606 1 |a Полупроводники  |x Адсорбционные свойства  |2 stltpush  |3 (RuTPU)RU\TPU\subj\50556  |9 69209 
606 1 |a Хемосорбция  |2 stltpush  |3 (RuTPU)RU\TPU\subj\64368  |9 81269 
610 1 |a полупроводники 
610 1 |a электронные процессы 
610 1 |a полупроводниковая физика 
610 1 |a катализ 
610 1 |a адсорбция 
610 1 |a люминесценция 
610 1 |a библиотека А. Г. Стромберга 
675 |a 537.311.322:541  |v 3 
675 |a 544.723  |v 3 
700 1 |a Волькенштейн  |b Ф. Ф.  |g Федор Федорович 
801 1 |a RU  |b 63413507  |c 20030910  |g PSBO 
801 2 |a RU  |b 63413507  |c 20181103  |g PSBO 
942 |c BK